The RREEF Property Cycle Monitor (Record no. 109144)
[ view plain ]
| 000 -LEADER | |
|---|---|
| fixed length control field | 01233cad a22002175a 4500 |
| 001 - CONTROL NUMBER | |
| control field | L146374 |
| 008 - FIXED-LENGTH DATA ELEMENTS--GENERAL INFORMATION | |
| fixed length control field | 090113s2008 xxkad f s 000 0 eng d |
| 035 ## - SYSTEM CONTROL NUMBER | |
| System control number | (Sirsi) u146374 |
| 041 0# - LANGUAGE CODE | |
| Language code of text/sound track or separate title | eng |
| 050 04 - LIBRARY OF CONGRESS CALL NUMBER | |
| Classification number | 332.33 $2 18 |
| 245 04 - TITLE STATEMENT | |
| Title | The RREEF Property Cycle Monitor |
| Remainder of title | US November 2008 |
| Medium | [electronic resource] |
| 260 ## - PUBLICATION, DISTRIBUTION, ETC. | |
| Place of publication, distribution, etc. | London |
| Name of publisher, distributor, etc. | RREEF |
| Date of publication, distribution, etc. | 2008 |
| 490 04 - SERIES STATEMENT | |
| Series statement | The RREEF Property Cycle Monitor |
| Volume/sequential designation | US November 2008 |
| 520 ## - SUMMARY, ETC. | |
| Summary, etc. | Considers the outlook for the US property markets. Forecasts property fundamentals for all sectors will weaken through 2009 and 2010, especially in the retail and office sectors. Expects the industrial sector to weather the downturn relatively well, despite rising vacancy rates. Suggests that the apartment sector is the outperformer of the property market. Forecasts rising vacancy rates and minimal rent growth. |
| 590 ## - LOCAL NOTE (RLIN) | |
| Local note | KA |
| 651 #4 - SUBJECT ADDED ENTRY--GEOGRAPHIC NAME | |
| Geographic name | United States |
| Chronological subdivision | 1959- |
| 690 ## - LOCAL SUBJECT ADDED ENTRY--TOPICAL TERM (OCLC, RLIN) | |
| Topical term or geographic name as entry element | PROPERTY-COMMERCIAL PROPERTY-COMMERCIAL PROPERTY MARKET |
| 690 ## - LOCAL SUBJECT ADDED ENTRY--TOPICAL TERM (OCLC, RLIN) | |
| Topical term or geographic name as entry element | PROPERTY-COMMERCIAL PROPERTY-COMMERCIAL PROPERTY FINANCE AND INVESTMENT |
| 856 40 - ELECTRONIC LOCATION AND ACCESS | |
| Uniform Resource Identifier | <a href="https://www.irei.com/uploads/marketresearch/126/marketResearchFile/Property_Cycle_Monitor.pdf ">https://www.irei.com/uploads/marketresearch/126/marketResearchFile/Property_Cycle_Monitor.pdf </a> |
| Public note | View the report free of charge at www.irei.com.... |
| 942 ## - ADDED ENTRY ELEMENTS (KOHA) | |
| Suppress in OPAC | 0 |
| Withdrawn status | Lost status | Source of classification or shelving scheme | Damaged status | Not for loan | Home library | Current library | Shelving location | Date acquired | Total Checkouts | Full call number | Barcode | Date last seen | Copy number | Price effective from | Koha item type |
|---|---|---|---|---|---|---|---|---|---|---|---|---|---|---|---|
| Dewey Decimal Classification | Virtual | Virtual | Online | 13/01/2009 | ONLINE PUBLICATION | 146374-2001 | 06/08/2019 | 1 | 06/08/2019 | Book |